An Exploratory study of stigma in mental ilness /
Saved in:
| 主要作者: | |
|---|---|
| 格式: | Thesis 图书 |
| 语言: | English |
| 出版: |
2002.
|
| 主题: | |
| 标签: |
添加标签
没有标签, 成为第一个标记此记录!
|
| LEADER | 00979cam a2200253 a 4500 | ||
|---|---|---|---|
| 001 | u515145 | ||
| 003 | SIRSI | ||
| 008 | 920910s2002 my t 00 1 eng | ||
| 035 | |a ACY-6826 | ||
| 040 | |a UMP | ||
| 096 | |a WA20.5 |b UM 2002 Masas | ||
| 100 | 0 | 0 | |a Mas Ayu Said. |
| 245 | 1 | 3 | |a An Exploratory study of stigma in mental ilness / |c Mas Ayu Said. |
| 260 | |c 2002. | ||
| 270 | 1 | |g Mas Ayu Said. |a Universiti Malaya. Fakulti Perubatan. Jabatan Perubatan Kemasyarakatan & Pencegahan. | |
| 300 | |a 40 leaves : |b ill. (part col.) ; |c 30 cm. | ||
| 502 | |a Dissertation (M.P.H.) -- Department of Social dan Preventive Medicine, Faculty of Medicine, University of Malaya, 2002. | ||
| 504 | |a Bibliography: leaves 32-35. | ||
| 650 | 2 | |a Mental Disorders. | |
| 710 | 2 | 0 | |a Universiti Malaya. |b Jabatan Perubatan Kemasyarakatan dan Pencegahan. |
| 900 | |a ANR | ||
| 948 | |a 26/07/2003 |b 03/08/2004 | ||
| 596 | |a 2 | ||
| 999 | |a WA20.5 UM 2002 MASAS |w NLM |c 1 |i A503047438 |l TESIS |m P02MEDKL |r Y |s Y |t TESIS |u 23/8/2004 | ||
